Ethnography, superdiversity and linguistic landscapes : chronicles of complexity

Saved in:
Bibliographic Details
Main Author: Blommaert, Jan
Format: Book
Language:English
Published: Bristol : Multilingual Matters, 2013.
Series:Critical language and literacy studies
Subjects:
Tags: Add Tag
No Tags, Be the first to tag this record!

MARC

LEADER 00000nam a2200000 a 4500
001 1/111586
008 160830s2013####enk|||||||||||||| ||eng||
020 |a 9781783090396 
040 |a GR-MyUa  |b gre  |c GR-MyUa  |e AACR2 
041 0 |a eng 
082 7 |a 306.44  |2 (23) 
100 1 |a Blommaert, Jan. 
245 1 0 |a Ethnography, superdiversity and linguistic landscapes :   |b chronicles of complexity /   |c Jan Blommaert.  
260 |a Bristol :   |b Multilingual Matters,   |c 2013.  
300 |a xiv, 127 σ. ;   |c 21 εκ. 
490 1 |a (Critical language and literacy studies) 
504 |a Περιλαμβάνει βιβλιογραφία και ευρετήριο.  
650 0 |a Multilingualism  |z Belgium  |z Antwerp. 
650 0 |a Language in contact  |z Belgium  |z Antwerp. 
650 0 |a Linguistic minorities  |z Belgium  |z Antwerp. 
650 0 |a Ethnicity  |z Belgium  |z Antwerp. 
830 0 |a Critical language and literacy studies 
852 |a INST  |b LESVOS  |c BK  |e 20160830  |h 306.44 BLO  |p 005100058432  |q 005100058432  |t BK  |y 0 
922 |a 1ΕΛΗ  |b 2016-06  |c Τμήμα Κοινωνικής Ανθρωπολογίας και Ιστορίας  |d Δρες 
970 |a Καμάτσου  |b Δέσποινα  |z 30-08-2016